000 00458nam a22001697a 4500
999 _c164542
_d164542
005 20190522151121.0
010 _aB-222009
020 _a8124203911
_c125.00
035 _aB-222009
037 _bCrest Publishing House
082 _a920
100 _aPruthi, R.K.
245 _aThe presidents of India /
_cR.K. Pruthi
260 _aNew Delhi
_bCrest Publishing House
_c2005
300 _a204p
_c21cm (hbk)
942 _2ddc
_cEN
_h920
_mPRU